000 00298nam a22001337a 4500
008 171030b xxu||||| |||| 00| 0 eng d
020 _a9780793146000
041 _aeng
080 _25TH
_a33
100 _a58
101 _aBUS
245 _aANATOMY OF A BUSINESS PLAN
_cPINSON,L
942 _2udc
_cBK
999 _c36487
_d36487